Phân tích báo cáo tài chính : (Lý thuyết và bài tập)

Cuốn sách được tham khảo từ những tài liệu mới nhất trong nước và nước ngoài, đồng thời cập nhật đầy đủ những thay đổi về phương pháp xử lý, đưa những tình huống thực tế mà các nhà quản trị cần quan tâm...

Volledige beschrijving

Bewaard in:
Bibliografische gegevens
Hoofdauteur: Phan, Đức Dũng
Formaat: Boek
Taal:Undetermined
Gepubliceerd in: Hà Nội Thống Kê 2011
Onderwerpen:
Tags: Voeg label toe
Geen labels, Wees de eerste die dit record labelt!
Thư viện lưu trữ: Trung tâm Học liệu Trường Đại học Cần Thơ
LEADER 00960nam a2200217Ia 4500
001 CTU_180249
008 210402s9999 xx 000 0 und d
020 |c 88500 
082 |a 657.3 
082 |b D513 
100 |a Phan, Đức Dũng 
245 0 |a Phân tích báo cáo tài chính : 
245 0 |b (Lý thuyết và bài tập) 
245 0 |c Phan Đức Dũng 
260 |a Hà Nội 
260 |b Thống Kê 
260 |c 2011 
520 |a Cuốn sách được tham khảo từ những tài liệu mới nhất trong nước và nước ngoài, đồng thời cập nhật đầy đủ những thay đổi về phương pháp xử lý, đưa những tình huống thực tế mà các nhà quản trị cần quan tâm 
650 |a Financial reporting,Báo cáo tài chính 
904 |i Như 
980 |a Trung tâm Học liệu Trường Đại học Cần Thơ